00497nam a2200169Ia 450000500170000000800410001702000170005808200130007510000160008824500260010426000440013030000150017465000180018994200060020795200990021399900150031220250509022123.0240331s9999 xx 000 0 und d a978955095022 bTHEa891 aThevathas,B 0aVidumuraiku vidumurai aColombobpuravalar puthaka poongac2009 aX, 66 p ., aShort Stories cL 001040708LaWERCLbWERCLcSSCd2024-03-31l0o 894.811 THEp6600r2024-03-31w2024-03-31yL c4972d4972